100 Most Popular Baby Girl Names Starting with C in the UK, 2021 - Statistics

General Stats
  • This quiz has been taken 415 times
  • The average score is 34 of 100
Answer Stats
Name % Correct
Charlotte
92%
Chloe
86%
Catherine
85%
Caroline
83%
Clara
81%
Cassie
77%
Christina
77%
Cora
77%
Cristina
77%
Charlie
76%
Cara
73%
Christine
73%
Callie
71%
Cally
71%
Camilla
70%
Carla
68%
Claire
67%
Carrie
66%
Connie
66%
Cassandra
63%
Carly
61%
Camille
57%
Carolina
57%
Cecilia
53%
Constance
53%
Cindy
51%
Coral
50%
Carmen
49%
Cherry
49%
Cleo
49%
Cari
48%
Celia
48%
Chelsea
47%
Ciara
47%
Casey
45%
Crystal
45%
Clarissa
44%
Clare
43%
Cassidy
42%
Celine
39%
Cali
38%
Courtney
38%
Clementine
37%
Carina
35%
Camila
34%
Claudia
34%
Celeste
33%
Caitlin
32%
Caitlyn
32%
Cadence
31%
Cece
29%
Colette
29%
Cecily
26%
Cerys
26%
Carys
24%
Celina
24%
Coco
22%
Catalina
21%
Catrin
21%
Charley
20%
Calliope
19%
Clover
19%
Cecelia
18%
Chanel
18%
Coralie
18%
Callista
17%
Chantelle
17%
Chiara
17%
Cordelia
16%
Calista
13%
Cataleya
13%
Cienna
13%
Cadi
12%
Catarina
12%
Christiana
12%
Capri
11%
Charis
11%
Ciana
10%
Clemmie
10%
Cassia
9%
Chaya
9%
Cleopatra
9%
Camelia
8%
Caia
7%
Caoimhe
7%
Cici
7%
Cressida
7%
Cicely
6%
Carlota
4%
Chana
4%
Christabel
4%
Clemence
4%
Clodagh
3%
Cosima
3%
Callie-Rose
2%
Clemency
2%
Celyn
0%
Chimamanda
0%
Chisom
0%
Chizaram
0%
No matching quizzes found
Score Distribution
Percent of People with Each Score
Percentile by Number Answered
Your Score History
You have not taken this quiz